| 000 | 00742nam a2200241 a 4500 | ||
|---|---|---|---|
| 001 | 68834 | ||
| 003 | BD-RjUL | ||
| 005 | 20211209081820.0 | ||
| 008 | 170406s1958 njua 001 0 eng | ||
| 035 | _a(BD-RjUL)69045 | ||
| 040 |
_aDLC _cDZM _dSER _dEQO _beng |
||
| 041 | _aeng | ||
| 082 |
_a621.384131 _223 _bFUN 1970 |
||
| 245 | 1 | 0 |
_aFundamentals of radio and electronics / _cWilliam Littell Everitt |
| 250 | _a2d ed. | ||
| 260 |
_aEnglwood Cliffs, N.J. : _bPrentice-Hall, _c1958[ printing 1970] |
||
| 300 |
_a805 p. : _bill. ; _c24 cm. |
||
| 500 | _aFirst ed. published in 1942 under title: Fundamentals of radio. | ||
| 650 | 0 |
_aElectronics. _9203984 |
|
| 650 | 0 |
_aRadio. _9203985 |
|
| 700 | 1 |
_a Everitt, W. L. _9203986 |
|
| 942 |
_2ddc _cBK |
||
| 999 |
_c68834 _d68834 |
||